Mulla on the Indian contract act (Record no. 183401)

MARC details
000 -LEADER
fixed length control field 00384nam a2200157Ia 4500
008 - FIXED-LENGTH DATA ELEMENTS--GENERAL INFORMATION
fixed length control field 230917s9999||||xx |||||||||||||| ||und||
040 ## - CATALOGING SOURCE
-- 78202
Original cataloging agency VIVEKANANDA LIBRARY
041 ## - Language
-- English
082 ## - DDC NUMBER
Classification number 346.022 M91M(10)
100 ## - MAIN ENTRY--PERSONAL NAME
Personal name Mulla,
245 #0 - TITLE STATEMENT
Title Mulla on the Indian contract act
250 ## - EDITION STATEMENT
Edition statement 10th ed.
260 ## - PUBLICATION, DISTRIBUTION, ETC. (IMPRINT)
Place of publication, distribution, etc Bombay
Name of publisher, distributor, etc N M Tripathi
Date of publication, distribution, etc 1982
300 ## - PHYSICAL DESCRIPTION
Pages xliii, 348 p.
942 ## - ADDED ENTRY ELEMENTS (KOHA)
Koha item type Books
Holdings
Withdrawn status Lost status Damaged status Not for loan Location (home branch) Sublocation or collection (holding branch) Date acquired Koha issues (times borrowed) Koha full call number Accession No. Koha date last seen Koha item type
        VIVEKANANDA LIBRARY VIVEKANANDA LIBRARY 04/03/2003   346.022 M91M(10) 38371 17/09/2023 Books
        VIVEKANANDA LIBRARY VIVEKANANDA LIBRARY 04/03/2003   346.022 M91M(10) 42851 17/09/2023 Books
        VIVEKANANDA LIBRARY VIVEKANANDA LIBRARY 04/03/2003   346.022 M91M(10) 42853 17/09/2023 Books
        VIVEKANANDA LIBRARY VIVEKANANDA LIBRARY 04/03/2003   346.022 M91M(10) 43118 17/09/2023 Books
        VIVEKANANDA LIBRARY VIVEKANANDA LIBRARY 04/03/2003   346.022 M91M(10) 63216 17/09/2023 Books
        VIVEKANANDA LIBRARY VIVEKANANDA LIBRARY 04/03/2003   346.022 M91M(10) 63217 17/09/2023 Books
        VIVEKANANDA LIBRARY VIVEKANANDA LIBRARY 04/03/2003   346.022 M91M(10) 98445 17/09/2023 Books
        VIVEKANANDA LIBRARY VIVEKANANDA LIBRARY 04/03/2003   346.022 M91M(10) 98446 17/09/2023 Books
        VIVEKANANDA LIBRARY VIVEKANANDA LIBRARY 04/03/2003   346.022 M91M(10) BB2280 17/09/2023 Books
        VIVEKANANDA LIBRARY VIVEKANANDA LIBRARY 04/03/2003   346.022 M91M(10) BB2282 17/09/2023 Books
        VIVEKANANDA LIBRARY VIVEKANANDA LIBRARY 04/03/2003   346.022 M91M(10) BB2283 17/09/2023 Books
        VIVEKANANDA LIBRARY VIVEKANANDA LIBRARY 04/03/2003   346.022 M91M(10) BB2284 17/09/2023 Books
© Designed and Maintained by Vivekananda Library, MDU Rohtak